Quaderni storici delle Marche

محفوظ في:

التنسيق: دورية

اللغة: Undetermined

منشور في: JSTOR
Società editrice Il Mulino S.p.A.

الوصول للمادة أونلاين: Login to view Source

الوسوم: إضافة وسم

لا توجد وسوم, كن أول من يضع وسما على هذه التسجيلة!

رقم الطلب:

LEADER 00471nas a2200145Ia 4500
008 220214c99999999xx |||||||||||| ||und||
022 |a 0390-4830 
245 0 0 |a Quaderni storici delle Marche 
264 1 |b JSTOR 
264 1 |b Società editrice Il Mulino S.p.A. 
362 0 |a Vol. 1(1966)-4 (1969) 
856 4 0 |u https://www.jstor.org/journal/quadstordellmarc 
942 |c JL 
952 |0 0  |1 0  |4 0  |7 1  |9 36844  |a JSR  |b JSR  |d 2022-02-14  |l 0  |r 2022-02-14 00:00:00  |w 2022-02-14  |y JL 
999 |c 45176  |d 45176